| 000 | 00390nam a22001457a 4500 | ||
|---|---|---|---|
| 005 | 20250612033645.0 | ||
| 008 | 250612b |||||||| |||| 00| 0 eng d | ||
| 020 | _a9789551274665 | ||
| 082 |
_222 _a320 |
||
| 245 | _aSankinthiyawa sahnthage livima | ||
| 260 |
_aColombo _bNational Space Council _c2014 |
||
| 300 | _a375 p ., | ||
| 500 | _aWrite to Reconcile - Sinhala translation | ||
| 942 | _cL | ||
| 999 |
_c6065 _d6065 |
||